| 000 | 00791nam a2200253Ia 4500 | ||
|---|---|---|---|
| 003 | OSt | ||
| 005 | 20221005080709.0 | ||
| 006 | a|||||r|||| 00| 0 | ||
| 007 | ta | ||
| 008 | 221004b |||||||| |||| 00| 0 eng d | ||
| 020 |
_a9780195693362 (hbk) _c1750 |
||
| 024 | _a89312 | ||
| 037 |
_b12079, 18/03/2008, Overseas Press _cTextual |
||
| 040 |
_aCRL _cCRL _beng |
||
| 041 |
_2eng _aeng |
||
| 082 | _aNQ44,N5, P7-;1 | ||
| 100 |
_aMitler Partha _9610602 |
||
| 245 | 0 |
_aTriumph of modernism _b India's artists and the advant - garde 1922- 1947 |
|
| 260 |
_aNew Delhi _bOxford University Press India _c2007 |
||
| 300 |
_a271p. _ccm. |
||
| 650 | _aARTS | ||
| 942 |
_hNQ44,N5, P7-;1 _cTEXL _2cc |
||
| 999 |
_c986611 _d986611 |
||